Sunday dinner : (Record no. 2530)

MARC details
000 -LEADER
fixed length control field 00645nam a2200205 a 4500
001 - CONTROL NUMBER
control field 0000002618
005 - DATE AND TIME OF LATEST TRANSACTION
control field 20140825164018.0
008 - FIXED-LENGTH DATA ELEMENTS--GENERAL INFORMATION
fixed length control field 820723s1981 tnua 00110 eng
020 ## - INTERNATIONAL STANDARD BOOK NUMBER
International Standard Book Number 0835804291 (pbk.)
035 ## - SYSTEM CONTROL NUMBER
System control number 81052215
040 ## - CATALOGING SOURCE
Original cataloging agency PUL
050 ## - LIBRARY OF CONGRESS CALL NUMBER
Classification number BV825.2
Item number .W54 1981
100 10 - MAIN ENTRY--PERSONAL NAME
Personal name Willimon, William H.
245 10 - TITLE STATEMENT
Title Sunday dinner :
Remainder of title the Lord's Supper and the Christian life /
Statement of responsibility, etc William H. Willimon ; [educational introduction by John Westerhoff, III].
260 0# - PUBLICATION, DISTRIBUTION, ETC. (IMPRINT)
Place of publication, distribution, etc Nashville, Tenn. :
Name of publisher, distributor, etc Upper Room,
Date of publication, distribution, etc 1981.
300 ## - PHYSICAL DESCRIPTION
Extent 128 p. :
Other physical details ill. ;
Dimensions 22 cm.
500 ## - GENERAL NOTE
General note Includes indexes.
650 #0 - SUBJECT ADDED ENTRY--TOPICAL TERM
Topical term or geographic name as entry element Lord's Supper.
908 ## - PUT COMMAND PARAMETER (RLIN)
Put command parameter 050217
Holdings
Withdrawn status Lost status Source of classification or shelving scheme Damaged status Not for loan Home library Current library Date acquired Source of acquisition Total Checkouts Full call number Barcode Date last seen Price effective from Koha item type
    Library of Congress Classification     Presbyterian University of East Africa - Main Library Presbyterian University of East Africa - Main Library 26/12/2012 Donation   BV825.2 .W54 1981 020010002788 26/12/2012 26/12/2012 General circulation books
© Customized & Maintained by Eunice Ngesa